Geografía de América por letra - R - Estadísticas

Estadísticas generales
  • Esta prueba ha sido intentada 747 veces
  • La puntuación promedio es 7 de 15
Estadísticas de respuestas
Pista Respuesta % Correcto
Bebida alcohólica cuya fama empezó sobre el Caribe Ron
82%
Una mitad de La Española República Dominicana
76%
Panamá tiene más de estos edificios per cápita que cualquier país americano Rascacielos
74%
Estado estadounidense Rhode Island
66%
La Chicago argentina Rosario
63%
Capital de Dominica Roseau
55%
Una de las ciudades más pobladas del nordeste de Brasil Recife
49%
Isla de Pascua Rapa Nui
48%
Primeras palabras de dos estados brasileños {Río} {Grande} del Norte, {Río} {Grande} del Sur
45%
Gran sistema de cordilleras Montañas Rocosas / Rocallosas
42%
Una provincia argentina o un departamento uruguayo Río Negro
31%
Capital de Saskatchewan Regina
27%
Un tepuy sudamericano o un estado brasileño Roraima
24%
Un pequeño departamento colombiano Risaralda
12%
Isla muy turística de Honduras Roatán
11%
No se encontraron pruebas coincidentes
Distribución de puntuación
Porcentaje de gente con cada puntuación
Porcentaje por número respondido
Historial de tus puntuaciones
No has intentado esta prueba.